Athlètes avec plus de 10 victoires en coupe du monde de ski de fond - Statistiques

Statistiques générales
  • Ce quiz a été pris 14 fois
  • Le résultat moyen est 9 sur 28
Statistiques - réponses
Nb. de victoires Nat. Nom % Correct
105 🇳🇴 Johannes Høsflot Klæbo
82%
17 🇮🇹 Federico Pellegrino
73%
28 🇷🇺 Alexander Bolshunov
64%
30 🇳🇴 Martin Johnsrud Sundby
64%
10 🇫🇷 Maurice Manificat
64%
38 🇳🇴 Petter Northug
64%
46 🇳🇴 Bjørn Dæhlie
55%
26 🇨🇭 Dario Cologna
55%
12 🇳🇴 Harald Østberg Amundsen
45%
10 🇫🇮 Iivo Niskanen
45%
11 🇰🇿 Alexey Poltoranin
36%
30 🇸🇪 Gunde Svan
36%
15 🇷🇺 Sergey Ustiugov
36%
11 🇳🇴 Simen Hegstad Krüger
36%
13 🇩🇪 Axel Teichmann
27%
18 🇨🇿 Lukáš Bauer
27%
10 🇫🇮 Mika Myllylä
18%
13 🇳🇴 Pål Golberg
18%
11 🇸🇪 Per Elofsson
18%
11 🇩🇪 Tobias Angerer
18%
30 🇰🇿 Vladimir Smirnov
18%
12 🇳🇴 Jens Arne Svartedal
9%
13 🇳🇴 Ola Vigen Hattestad
9%
13 🇳🇴 Thomas Alsgaard
9%
13 🇸🇪 Torgny Mogren
9%
11 🇳🇴 Eldar Rønning
0%
16 🇸🇪 Emil Jönsson
0%
13 🇳🇴 Tor Arne Hetland
0%
Aucun quiz correspondant
Distribution des résultats
% des personnes avec chaque résultat
Percentile par nombre de réponses
Votre historique - résultats
Vous n’avez pas pris ce quiz